| 000 | 00838nam a2200193 4500 | ||
|---|---|---|---|
| 005 | 20240701124719.0 | ||
| 010 | _aENG-140704 | ||
| 020 |
_a9789394899117 _c400.00 |
||
| 035 | _aEN-124236 | ||
| 037 | _bDBAD | ||
| 082 |
_a005 _21 |
||
| 245 |
_aNational Confrence on Recent Advances in Computation, Communication, Internet of Things and Artificial Intellegence(NCRACIA-2K22)/ _cEdited By Department of Electronice and Communication Engineering M. Kumarasamy College of Engineering |
||
| 250 | _a1 | ||
| 260 |
_aMadurai _bShanlax Publications _c2022 |
||
| 270 |
_a61,66 Vasantha Nagar _bMadurai _e625003 _mshanlaxpublications@gmail.com |
||
| 300 |
_a112p. _c29cm(Pbk) |
||
| 700 |
_aDepartment of Electronice and Communication Engineering M. Kumarasamy College of Engineering _967756 |
||
| 942 |
_2ddc _cEN _h005 _mNAT |
||
| 999 |
_c203734 _d203734 |
||